Shoot-out (Record no. 260637)
[ view plain ]
| 000 -LEADER | |
|---|---|
| fixed length control field | 00236nam a22001097a 4500 |
| 020 ## - INTERNATIONAL STANDARD BOOK NUMBER | |
| ISBN | 9780451479341 |
| 100 ## - MAIN ENTRY--AUTHOR NAME | |
| Personal name | Mike Lupica |
| 245 ## - TITLE STATEMENT | |
| Title | Shoot-out |
| 260 ## - PUBLICATION, DISTRIBUTION, ETC. (IMPRINT) | |
| Place of publication | New York |
| Name of publisher | Penguin Random House |
| Year of publication | 2010 |
| 300 ## - PHYSICAL DESCRIPTION | |
| Number of Pages | 20 pgs |
| 942 ## - ADDED ENTRY ELEMENTS (KOHA) | |
| Koha item type | Long Loan Books |
| Withdrawn status | Lost status | Collection code | Home library | Current library | Shelving location | Date acquired | Accession Number | Koha item type |
|---|---|---|---|---|---|---|---|---|
| Fiction | Rongo University Library | Rongo University Library | Children's Area | 12/09/2023 | CL20222142 | Long Loan Books |
